000 00863nam a22002537a 4500
001 8925
003 FISKH
005 20251110085503.0
008 251110b cb ||||| |||| 00| 0 eng d
020 _a708431220034
040 _aFISKH
_beng
_cFISKH
_dFISKH
082 _a813
100 _aAntolini, Leo
245 _aIf I were ...
_cillustrated by Leo Antolini
260 _aUnited Kingdom :
_bLeap Frog,
_c2008.
300 _a14 unnumbered pages :
_bcolor illustrations ;
_c18 cm
505 _aE
520 _aExplore the alphabet with Johnny and friends! More than 16 playful activities and 70 audio responses encourage little ones to explore while helping build confidence with books.
521 8 _a160
_bLexile estimate
521 8 _aE
_bRaz-Plus
650 _aAnimals
_vBoard book
_xBeginning reader
942 _2ddc
_cBK
_n0
999 _c8925
_d8925